| 000 | 00000nam##2200000za#4500 |
| 001 | 9.642996 |
| 003 | CaOODSP |
| 005 | 20210624223951 |
| 007 | cr ||||||||||| |
| 008 | 150407|2004||||xxc|||||o f|0| 0 fre|d |
| 040 | |aCaOODSP|bfre |
| 043 | |an-cn--- |
| 086 | 1 |aEn14-147/2004F-PDF |
| 110 | 1 |aCanada. |bEnvironnement Canada. |
| 245 | 10|aSanté des arbres / |h[ressource électronique]|c[publié par le] Partenariat pour la surveillance des écosystèmes - RESE. |
| 246 | 17|aProtocoles et normes de surveillance RESE |
| 260 | |aOttawa - Ontario : |bEnvironnement Canada |cMars 2004. |
| 300 | |a28p.|bfigure, références, tableaux, photographies |
| 590 | |a14-08-Supp|b2014-04-10 |
| 691 | 07|aConservation de l'environnement|2gcpds |
| 691 | 07|aForêt|2gcpds |
| 775 | 08|tTree health / |w(CaOODSP)9.699014 |
| 856 | 40|ahttp://publications.gc.ca|qPDF|s5.52 Mo|uhttps://publications.gc.ca/collections/collection_2014/ec/En14-147-2004-fra.pdf |